000 00891cab a2200265 4500
001 WB3109-06
008 090401t1995 xxu||||| |||| 00| 0 eng d
035 _a(Sirsi) u15362
041 _aeng
245 _aAsbestos warning issued to builders
260 _c1995
350 _a0
490 _aFinancial Times
_v3 March 1995, 9
490 _aTimes
_v3 March 1995, 7(1)
520 _aResearch from the Institute of Cancer Research suggests that the number of asbestos-related deaths will continue to increase over the next 25 years. The HSE has warned that builders are most at risk.
650 _aASBESTOS REMOVAL
650 _aMANAGEMENT-HEALTH AND SAFETY-HAZARDOUS SUBSTANCES-ASBESTOS
650 _aDEATHS
650 _aDEMOLITION
650 _aMESOTHELIOMA
650 _aRENOVATION
690 _aBUILT ENVIRONMENT-BUILDING STANDARDS
942 _n0
948 _c04/03/1997
999 _c10065
_d10065